Golden- huntrix, Kpop demon Hunters lyrics - Statistics

General Stats
  • This quiz has been taken 578 times
  • The average score is 203 of 304
Answer Stats
Answer % Correct
I
99%
a
97%
was
92%
alone
88%
be
87%
be,
87%
ghost,
86%
to
85%
golden
81%
I’m
81%
the
80%
no
79%
we
77%
born
76%
shinin’
76%
that
76%
up,
76%
up
76%
hidin’,
75%
hidin’
75%
like
75%
now
75%
know
74%
me
74%
our
73%
believe
72%
goin’
72%
queen
72%
we’re
72%
done
71%
gonna
71%
how
71%
live
70%
meant
70%
moment
70%
but
68%
it’s
68%
didn’t
67%
’cause
65%
(oh,
65%
oh)
65%
oh,
65%
(oh)
65%
two
65%
got
64%
my
64%
voices
64%
lives,
63%
that’s
63%
throne,
63%
both
62%
child,
62%
getting
62%
own
62%
sides
62%
so
62%
too
62%
wild
62%
you
62%
find
61%
given
61%
paid,
61%
problem
61%
are
59%
couldn’t
59%
place
58%
called
57%
lived
56%
and
54%
And
54%
glowin’
54%
play
54%
with
54%
hunters,
53%
who
53%
strong
52%
more
51%
together
51%
far
50%
lies
50%
came
49%
fears,
49%
on
49%
I’ll
48%
stage
48%
tried
48%
all
47%
dreamin’
47%
hiding,
47%
hard,
46%
in
46%
see
46%
shining
46%
time,
46%
(ah)
45%
girl
45%
glowing
45%
they
44%
patterns
43%
these
43%
past
41%
break
40%
long
40%
walls
40%
feel
39%
finally
39%
down
38%
waited
36%
wake
36%
(Hah)
33%
(hah)
33%
put
31%
su
11%
eoduwojin
7%
apgilsoge
6%
kkaejil
5%
kkeuteopsi
5%
yeongwonhi
5%
eomneun
4%
bitnaneun
2%
urin
2%
blakge
0%
yeogwonhi
0%
No matching quizzes found
Score Distribution
Percent of People with Each Score
Percentile by Number Answered
Your Score History
You have not taken this quiz